Tout les pays visités par Tibi Jones - Statistiques

Statistiques générales
  • Ce quiz a été pris 17 fois
  • Le résultat moyen est 15 sur 32
Statistiques - réponses
Réponse % Correct
Afghanistan
93%
Colombie
86%
Algerie
79%
Inde
79%
Maroc
79%
Brésil
71%
Chine
71%
Senegal
71%
Tunisie
71%
Corée du sud
64%
Mexique
64%
France
64%
Turquie
50%
Syrie
50%
Turquie
50%
Bangladesh
43%
Venezuela
43%
Guyane
36%
Jordanie
36%
Liban
36%
Serbie
29%
Paraguay
29%
Suriname
29%
Ukraine
29%
Bulgarie
21%
Gambie
21%
Roumanie
21%
Hongrie
14%
Irlande
14%
Philippines
14%
Guinee Bissau
7%
Moldavie
7%
Aucun quiz correspondant
Distribution des résultats
% des personnes avec chaque résultat
Percentile par nombre de réponses
Votre historique - résultats
Vous n’avez pas pris ce quiz